Elementos de economía: introducción al análisis económico
Αποθηκεύτηκε σε:
| Κύριοι συγγραφείς: | , |
|---|---|
| Μορφή: | Βιβλίο |
| Γλώσσα: | Ισπανικά |
| Έκδοση: |
Santiago
Universitaria
2000
|
| Έκδοση: | 9a. ed |
| Θέματα: | |
| Ετικέτες: |
Προσθήκη ετικέτας
Δεν υπάρχουν, Καταχωρήστε ετικέτα πρώτοι!
|
MARC
| LEADER | 00000nam a2200000 a 4500 | ||
|---|---|---|---|
| 001 | UCL9241 | ||
| 003 | CL-VaPUC | ||
| 005 | 20230427111017.0 | ||
| 008 | 040730e20000000CL |||||||||||||||||spa|d | ||
| 999 | |c 310105 |d 310103 | ||
| 020 | |a 9561111799 | ||
| 040 | |c Pontificia Universidad Católica de Valparaíso | ||
| 082 | 0 | 4 | |a 330.01 |b MAS |2 21 |
| 100 | |a Massad Abud, Carlos |e autor |9 589540 | ||
| 245 | 1 | 0 | |a Elementos de economía: introducción al análisis económico |
| 250 | |a 9a. ed | ||
| 260 | |a Santiago |b Universitaria |c 2000 | ||
| 300 | |a 251 p | ||
| 583 | |a last modification |c 20040730 00:00:00 |k Rodrigo Vera | ||
| 650 | 0 | |a Ciencia económica |9 359635 |x Economía financiera |x Sistema financiero | |
| 650 | 0 | |a Análisis económico |9 307907 |x Desarollo económico | |
| 700 | |a Lavados Montes, Hugo |e author |9 616728 | ||
| 942 | |c BK |2 ddc | ||
| 945 | |d 20040730 00:00:00 |a cmena | ||
| 952 | |0 0 |1 0 |4 0 |6 330_010000000000000_MAS_2000 |7 0 |8 A |9 378202 |a BIBAGR |b BIBAGR |d 2019-11-21 |i 4042255 |o 330.01 MAS 2000 |p 4042255 |r 2025-01-20 |w 2019-11-21 |y BK |k AGR | ||
| 952 | |0 0 |1 0 |4 0 |6 330_010000000000000_MAS_2000 |7 0 |8 A |9 378203 |a BIBAGR |b BIBAGR |d 2019-11-21 |i 4042263 |o 330.01 MAS 2000 |p 4042263 |r 2025-01-20 |w 2019-11-21 |y BK |k AGR | ||
| 952 | |0 0 |1 0 |4 0 |6 330_010000000000000_MAS_2000 |7 0 |8 A |9 378204 |a BIBAGR |b BIBAGR |d 2019-11-21 |i 4042271 |o 330.01 MAS 2000 |p 4042271 |r 2025-01-20 |w 2019-11-21 |y BK |k AGR | ||
| 952 | |0 0 |1 0 |4 0 |6 330_010000000000000_MAS_2000 |7 0 |8 A |9 378205 |a BIBAGR |b BIBAGR |d 2019-11-21 |i 404228K |o 330.01 MAS 2000 |p 404228K |r 2025-01-20 |w 2019-11-21 |y BK |k AGR | ||
| 952 | |0 0 |1 0 |4 0 |6 330_010000000000000_MAS_2000 |7 0 |8 A |9 378206 |a BIBAGR |b BIBAGR |d 2019-11-21 |i 4042298 |o 330.01 MAS 2000 |p 4042298 |r 2025-01-20 |w 2019-11-21 |y BK |k AGR | ||
| 952 | |0 0 |1 0 |4 0 |6 330_010000000000000_MAS_2000 |7 0 |8 A |9 378207 |a BIBAGR |b BIBAGR |d 2019-11-21 |i 4042301 |o 330.01 MAS 2000 |p 4042301 |r 2025-01-20 |w 2019-11-21 |y BK |k AGR | ||
| 952 | |0 0 |1 0 |4 0 |6 330_010000000000000_MAS_2000 |7 0 |8 A |9 378208 |a BIBAGR |b BIBAGR |d 2019-11-21 |i 404231K |o 330.01 MAS 2000 |p 404231K |r 2025-01-20 |w 2019-11-21 |y BK |k AGR | ||